| 000 | 00577nam a2200181 u 4500 | ||
|---|---|---|---|
| 001 | 000316939 | ||
| 003 | AM-YeHGA | ||
| 005 | 20250617130441.0 | ||
| 008 | 040311s1984 ai r 000 0 arm d | ||
| 040 | _aAM-YeHGA | ||
| 041 | 1 |
_aarm _hrus |
|
| 245 | 1 | 0 |
_aՖիզիկա : _bԴասագիրք միջն. դպր. 10-րդ դաս. համար / _cԳ.Յ. Մյակիշև, Բ.Բ. Բուխովցև. |
| 250 | _a7-րդ վերամշ. հրատ. | ||
| 260 |
_aԵրևան : _bԼույս, _c1984. |
||
| 300 |
_a392 էջ : _bնկ. |
||
| 650 | 1 | 4 |
_aՖիզիկա _vԴասագիրք |
| 090 | _c118955 | ||
| 999 |
_c117607 _d117607 |
||